The chemistry of the atmosphere : its impact on global change : a chemistry for the 21st century monograph

Αποθηκεύτηκε σε:
Λεπτομέρειες βιβλιογραφικής εγγραφής
Συγγραφή απο Οργανισμό/Αρχή: International Union of Pure and Applied Chemistry
Άλλοι συγγραφείς: Calvert, Jack G. (Jack George) 1923- (Επιμελητής έκδοσης)
Μορφή: Βιβλίο
Γλώσσα:English
Δημοσίευση: Oxford : Blackwell Scientific Publications, c1994
Σειρά:"Chemistry for the 21st century" monograph
Θέματα:
Ετικέτες: Προσθήκη ετικέτας
Δεν υπάρχουν, Καταχωρήστε ετικέτα πρώτοι!

MARC

LEADER 00000nam a2200000 i 4500
001 1/99293
008 000127s1994 eng d
020 |a 0-632-03779-2 
035 |l 10056829 
040 |a GR-MY-UA  |b gre  |e aacr 
041 0 |a eng 
082 0 |a 551.5 
245 1 4 |a The chemistry of the atmosphere :  |b its impact on global change : a chemistry for the 21st century monograph /  |c edited by Jack G. Calvert 
260 |a Oxford :   |b Blackwell Scientific Publications,   |c c1994 
300 |a 394 p.  |b ill. 
490 1 |a "Chemistry for the 21st century" monograph 
504 |a Includes bibliographical references and index 
650 0 0 |a Atmospheric chemistry  |x Environmental aspects  |x Congresses. 
650 0 0 |a Climatic changes  |x Environmental aspects  |x Congresses. 
700 1 |a Calvert, Jack G.  |q (Jack George)  |d 1923-  |4 edt 
710 2 |a International Union of Pure and Applied Chemistry. 
830 0 |a "Chemistry for the 21st century" monograph 
852 |a INST  |b LESVOS  |e 20000127  |h 551.5 CHE  |p 005100022037  |q 005100022037  |t BK  |y 0 
901 |a BIBL1-2000-1 
909 |a Λ  |b 071125 
922 |a 1ΕΛΗ 
950 |a 118-1999-09-03 
970 |z 2000/01/